| 000 | 01055nam a2200289 u 4500 | ||
|---|---|---|---|
| 001 | 000046610 | ||
| 005 | 20260202095302.0 | ||
| 008 | 170126s2011 sp r 000 0 eng d | ||
| 020 | _a9788466321976. | ||
| 040 |
_aDO-SdBNP _bspa _cBNPHU |
||
| 082 |
_a158.1 _bC549l,2011 |
||
| 100 | 1 |
_aChopra, Deepak _d1947- _974608 |
|
| 240 | 1 | 4 |
_aThe book of secrets: Unlocking the hidden simensions of your life. _lEspañol |
| 245 | 1 | 3 |
_aEl libro de los secretos / _cDeepak Chopra ; traducción de Gerardo Hernández Clark. |
| 250 | _a2a. edición | ||
| 260 |
_aMadrid : _bSantillana Ediciones Generales, _c2011. |
||
| 300 |
_a308 p. ; _c20 cm. |
||
| 490 | 1 |
_aPunto de lectura _aalternativas |
|
| 500 | _aIncluye datos biográficos del autor en la solapa | ||
| 650 | 0 |
_aVida espiritual _9268 |
|
| 650 | 0 |
_aMeditaciones _95988 |
|
| 650 | 0 |
_aEspiritualidad _9613 |
|
| 650 | 0 |
_aPsicología aplicada _91579 |
|
| 650 | 4 |
_aHabilidades para la vida _974610 |
|
| 700 | 1 | 2 |
_aHernández Clark, Gerardo _etraductor _974609 |
| 830 | 0 |
_aPunto de lectura _palternativas _974611 |
|
| 999 |
_c46099 _d46099 |
||